Films from the 2000s in Dutch Quiz Stats

 Plays Quiz not verified by Sporcle

Score 0/20 Timer 02:00
0 Plays Today
% Correct
Finding Nemo(2003)
93.3%
The Pianist(2002)
93.3%
Into the wild(2007)
93.3%
The Notebook(2004)
93.3%
Gladiator(2000)
93.3%
No country for old men(2007)
86.7%
Der Untergang(2004)
86.7%
Cars(2006)
86.7%
Dude, where is my car?!(2000)
86.7%
Band of Brothers(2001)
80%
% Correct
Big Fish(2003)
80%
Scary movie(2000)
80%
Blow(2001)
73.3%
Sin City(2005)
73.3%
The Dark Knight(2008)
66.7%
The Departed(2006)
60%
Bring it on(2000)
60%
Love actually(2003)
53.3%
A Beautiful mind(2001)
53.3%
Spirited away(2001)
40%

You're not logged in!

Compare scores with friends on all Sporcle quizzes.
OR
Log In

Sporcle TV

Today on Sporcle TV


Watch our educational content, quiz creation guides, and fun videos on Sporcle TV.

Show Comments

Extras

Created Sep 8, 2019ReportNominate
Tags:Translation Quiz, dutch

Top Quizzes Today


Score Distribution

Your Account Isn't Verified!

In order to create a playlist on Sporcle, you need to verify the email address you used during registration. Go to your Sporcle Settings to finish the process.

Report this User

Report this user for behavior that violates our Community Guidelines.

Details: